| 000 | 02334nam a22002657a 4500 | ||
|---|---|---|---|
| 005 | 20240305165633.0 | ||
| 007 | cr|||| |||| | ||
| 008 | 220519s2021 es |||||s|||| 00||0 spa d | ||
| 020 | _a978-84-124193-9-9 | ||
| 035 | _a35655 | ||
| 040 | _avLex | ||
| 090 |
_c13374 _d13374 |
||
| 100 | 1 | _aMartínez Rodríguez, José Antonio | |
| 245 | 1 | 2 |
_aEl Derecho Natural y el reinado de Edipo rey _h[Recurso electrónico] / _cJosé Antonio Martínez Rodríguez, Francisco Morillas Caro |
| 256 | _aServicio en línea | ||
| 260 |
_aBarcelona: _bJ.M. Bosch Editor, _c2021 |
||
| 300 | _a1 recurso electrónico | ||
| 500 | _aDerecho e Historia indisolublemente unidas en esta obra El Derecho Natural y el Reinado de Edipo Rey; dos Ciencias que tienen en común mucho más de lo que parece, son dinámicas, para nada estáticas, en continuo cambio con continuas aportaciones que nos hacen pensar que ambas son, un continuo volver a empezar; cuyos objetivos principales son el conocimiento y la mejora del ser humano en sociedad. A través de este libro nos acercamos a conceptos como el Derecho Griego (Arcaico y Clásico), el Derecho Natural, a la mitología, a las leyendas, a la tragedia, incluso al psicoanálisis. Un verdadero compendio de conceptos que al final forman un macropuzle en el cual todo finaliza encajando. Un libro ameno, de fácil lectura que acerca tanto a entendidos como a profanos en la materia a las Ciencias anteriormente referidas. Al ser humano nada de lo que ocurre en su entorno le es ajeno. Ni el más leve aleteo de una mariposa dejará de sentirse en todo el Universo. El Derecho, en suma, lo que pretende como objetivo principal es mejorar la vida del ser humano y de crear una sociedad más justa y equitativa; en la cual se dé a cada cual lo suyo. Eso, a lo largo de la Historia ha tenido una génesis y una evolución. | ||
| 506 | 1 |
_aDisponible solo en los productos indicados _dvLex Global _dvLex Global (Academic Edition, excluding Law Schools) _dvLex Global (U.S. Academic Edition, Law Schools) _dvLex Global (U.S. Academic Edition, excluding Law Schools) _dvLex Global (Academic Edition, Law Schools) |
|
| 650 | 0 | 4 |
_aDerecho Militar _zEspaña |
| 700 | 1 | _aMorillas Caro, Francisco | |
| 740 | 0 | _avLex Libros (Servicio en línea) | |
| 856 | 4 | 0 | _uhttps://app.vlex.com/#/sources/35655 |
| 942 | _cRAA | ||
| 999 |
_c171610 _d171610 |
||